[Event "Sparkassen Open A"]
[Site "Dortmund GER"]
[Date "2012.07.17"]
[Round "4.38"]
[White "Schuelke, Tilman"]
[Black "Schwarz, Larissa"]
[Result "0-1"]
[WhiteElo "2007"]
[BlackElo "1870"]
[WhiteFideId "4647475"]
[BlackFideId "24699004"]
[EventDate "2012.07.14"]

1. d4 Nf6 2. c3 g6 3. Bg5 Bg7 4. Nd2 d5 5. e3 O-O 6. Bd3 Nbd7 7. f4 c5 8. h3 b6
9. Ne2 Bb7 10. g4 Ne4 11. Nxe4 dxe4 12. Bc4 Rc8 13. Qb3 cxd4 14. cxd4 Nf6 15.
Bxf6 Bxf6 16. g5 Bg7 17. h4 Qd7 18. h5 gxh5 19. Kd2 Qc6 20. Rac1 Qg6 21. Ng3
Rcd8 22. f5 Qxg5 23. Bxf7+ Rxf7 24. Rcg1 Rxd4+ 25. Kc2 Bd5 26. Qa3 Rc4+ 27. Kb1
h4 28. Ne2 Qxf5 29. Nf4 Qe5 30. Rxh4 Rc5 31. Rh2 Ra5 32. Qb4 Bxa2+ 33. Ka1 Bd5+
34. Kb1 Ba2+ 35. Ka1 Bc4+ 36. Kb1 Rb5 37. Qd2 Qd6 38. Qc1 Bd3+ 39. Nxd3 Qxd3+
40. Rc2 Kh8 41. Ka2 Ra5+ 42. Kb1 Rc5 0-1

[Event "Sparkassen Open A"]
[Site "Dortmund GER"]
[Date "2012.07.17"]
[Round "4.42"]
[White "Bausch, Thomas"]
[Black "Haase, Thomas Konstantin"]
[Result "0-1"]
[WhiteElo "1947"]
[BlackElo "1849"]
[WhiteFideId "24611115"]
[BlackFideId "12916773"]
[EventDate "2012.07.14"]

1. e4 e6 2. d4 d5 3. Nc3 Nf6 4. e5 Nfd7 5. f4 c5 6. Nf3 Nc6 7. Be3 Be7 8. Qd2
Rb8 9. a3 Qa5 10. Ra2 cxd4 11. Nxd4 a6 12. Bd3 Nxd4 13. Bxd4 Nc5 14. Be2 Qc7 15.
Qe3 Bd7 16. O-O Na4 17. Nxa4 Bxa4 18. b3 Bd7 19. Rc1 O-O 20. c4 Rfc8 21. Bb6 Qc6
22. c5 Rf8 23. Qd4 g6 24. b4 f6 25. a4 fxe5 26. fxe5 Bg5 27. b5 Qc8 28. Rf1 axb5
29. axb5 Ra8 30. Rc2 Rxf1+ 31. Bxf1 Qe8 32. Qb2 Be3+ 33. Kh1 Bxb5 34. Bxb5 Qxb5
35. h3 Qf1+ 36. Kh2 Ra1 37. h4 h5 38. Kh3 Bf4 0-1

[Event "Sparkassen Open A"]
[Site "Dortmund GER"]
[Date "2012.07.17"]
[Round "4.43"]
[White "Huebben, Dominik"]
[Black "Hassler, Rolf"]
[Result "0-1"]
[WhiteElo "1836"]
[BlackElo "1897"]
[WhiteFideId "12914347"]
[BlackFideId "4638255"]
[EventDate "2012.07.14"]

1. e4 e6 2. d4 d5 3. Nd2 dxe4 4. Nxe4 Be7 5. Nf3 Nf6 6. Bd3 Nxe4 7. Bxe4 Nd7 8.
c4 O-O 9. O-O Nf6 10. Bc2 b6 11. Qe2 Bb7 12. Rd1 Qe8 13. Bf4 c5 14. dxc5 Bxc5
15. Ne5 Qe7 16. Bg5 Rfd8 17. Ng4 Bd4 18. Rxd4 Rxd4 19. Bxf6 gxf6 20. Nh6+ Kf8
21. Qh5 f5 22. Nxf5 exf5 23. g3 Be4 24. Bxe4 Rxe4 25. Qxh7 Re1+ 26. Kg2 0-1

[Event "Sparkassen Open A"]
[Site "Dortmund GER"]
[Date "2012.07.17"]
[Round "4.44"]
[White "Koch, Till"]
[Black "Pedersen, Lars Wisler"]
[Result "0-1"]
[WhiteElo "1892"]
[BlackElo "1853"]
[WhiteFideId "24688142"]
[BlackFideId "1417045"]
[EventDate "2012.07.14"]

1. e4 c5 2. c3 d5 3. exd5 Qxd5 4. d4 Nc6 5. Nf3 cxd4 6. cxd4 Nf6 7. Nc3 Qd8 8.
d5 Nb8 9. Bf4 g6 10. Bb5+ Nbd7 11. O-O Bg7 12. d6 e6 13. Rc1 a6 14. Ba4 O-O 15.
Qd2 b5 16. Bc2 Bb7 17. Rfe1 Nb6 18. b3 b4 19. Ne4 Nxe4 20. Bxe4 Bxe4 21. Rxe4
Nd5 22. Bh6 Qxd6 23. Rh4 Bc3 24. Bxf8 Bxd2 25. Bxd6 Bxc1 26. Bxb4 Bf4 27. Rg4 f5
28. Rxf4 Nxf4 29. g3 Ne2+ 30. Kf1 Nc1 31. Ng5 e5 32. Nf3 e4 33. Nd4 Nxa2 34. Bd2
Rd8 35. Be3 Nb4 36. Ke2 Rc8 37. Kd2 Nc6 0-1

[Event "Sparkassen Open A"]
[Site "Dortmund GER"]
[Date "2012.07.17"]
[Round "4.45"]
[White "Oberste, Norbert"]
[Black "Schaller, Fabian"]
[Result "0-1"]
[WhiteElo "1811"]
[BlackElo "1939"]
[WhiteFideId "24608432"]
[BlackFideId "12910422"]
[EventDate "2012.07.14"]

1. f4 Nf6 2. Nf3 g6 3. e3 Bg7 4. d4 d6 5. Bd3 O-O 6. O-O c5 7. c3 Nc6 8. Na3 a6
9. Nc2 b5 10. c4 Qb6 11. d5 bxc4 12. Bxc4 Na5 13. Qe2 Nxc4 14. Qxc4 a5 15. Rd1
Ba6 16. Qb3 Qxb3 17. axb3 Bb7 18. Na3 Bxd5 19. Nc4 Bxc4 20. bxc4 Rfb8 21. Ra3 a4
22. Nd2 Ng4 23. h3 Nh6 24. b3 axb3 25. Rxa8 Rxa8 26. Nxb3 Ra4 27. Nd2 Nf5 28. e4
Ne3 29. Re1 Nxc4 30. e5 dxe5 31. Nb3 exf4 32. Rxe7 Bd4+ 33. Nxd4 cxd4 34. Bxf4
Kf8 35. Rd7 Ne3 36. g3 Ke8 37. Rb7 Nc2 38. Rb3 Rc4 39. Rb8+ Kd7 40. Rb7+ Ke6 41.
Rb5 f6 42. Kf2 d3 43. Rb6+ Kd5 44. Kf3 Rc8 45. Rxf6 Re8 46. Rd6+ Kc4 47. Rc6+
Kd4 48. Rd6+ Kc5 49. Rxd3 Ne1+ 0-1

[Event "Sparkassen Open A"]
[Site "Dortmund GER"]
[Date "2012.07.17"]
[Round "4.46"]
[White "Geyler, Stefan"]
[Black "Sieberg, Rolf"]
[Result "1-0"]
[WhiteElo "1935"]
[BlackElo "1931"]
[WhiteFideId "24605638"]
[BlackFideId "4661257"]
[EventDate "2012.07.14"]

1. e4 e5 2. Nf3 Nc6 3. Nc3 Nf6 4. Bb5 a6 5. Bxc6 dxc6 6. Nxe5 Qd4 7. Nf3 Qd8 8.
h3 Bb4 9. d3 O-O 10. O-O Bxc3 11. bxc3 Be6 12. Bg5 h6 13. Bh4 Qd7 14. Bxf6 gxf6
15. Nh2 Kh7 16. Ng4 Qe7 17. Qf3 Bxg4 18. hxg4 Rg8 19. Qf5+ Rg6 20. g3 Rg8 21.
Kg2 Kh8 22. Rh1 Qf8 23. Rh4 Qg7 24. Rah1 Re8 25. Qf4 Re5 26. Rxh6+ Kg8 27. R6h4
Ra5 28. Qxc7 1-0

[Event "Sparkassen Open A"]
[Site "Dortmund GER"]
[Date "2012.07.18"]
[Round "5.2"]
[White "Zaitsev, Mikhail"]
[Black "Zuse, Klaus-Peter"]
[Result "1-0"]
[WhiteTitle "IM"]
[BlackTitle "FM"]
[WhiteElo "2505"]
[BlackElo "2278"]
[WhiteFideId "4127560"]
[BlackFideId "4605306"]
[EventDate "2012.07.14"]

1. e4 c5 2. c3 b6 3. d4 Bb7 4. Bd3 Nf6 5. d5 c4 6. Bxc4 Nxe4 7. Nf3 e6 8. O-O b5
9. Bb3 Na6 10. Re1 Nac5 11. Bc2 exd5 12. Be3 Be7 13. Nbd2 O-O 14. Nb3 Na4 15.
Rb1 Nb6 16. Nbd4 b4 17. cxb4 Bxb4 18. Re2 Re8 19. Nf5 Bf8 20. Bd4 Nc4 21. Bd3 d6
22. Rc2 Qd7 23. Ne3 Ne5 24. Bxe5 Nxf2 25. Rxf2 dxe5 26. Ng5 h6 27. Rxf7 Qc6 28.
Bh7+ Kh8 29. Qh5 Bc5 30. Re1 Bxe3+ 31. Rxe3 Qc1+ 32. Kf2 Qd2+ 33. Qe2 Qxe2+ 34.
Kxe2 hxg5 35. Bf5 Ba6+ 36. Kd2 e4 37. Rd7 Rad8 38. Rh3+ Kg8 39. Be6+ Rxe6 40.
Rxd8+ Kf7 41. Rxd5 Kf6 42. Ra3 Bd3 43. Ke3 Rb6 44. b3 a6 45. Raa5 Bb5 46. g4 Rc6
47. Kxe4 Rc2 48. a4 1-0

[Event "Sparkassen Open A"]
[Site "Dortmund GER"]
[Date "2012.07.18"]
[Round "5.3"]
[White "Schulze, Torben"]
[Black "Zatonskih, V."]
[Result "1/2-1/2"]
[BlackTitle "FM"]
[WhiteElo "2309"]
[BlackElo "2276"]
[WhiteFideId "24630560"]
[BlackFideId "14102161"]
[EventDate "2012.07.14"]

1. e4 d5 2. exd5 Qxd5 3. Nf3 Bg4 4. Be2 c6 5. h3 Bh5 6. d4 e6 7. O-O Nf6 8. c4
Qd8 9. Nc3 Be7 10. Be3 O-O 11. a3 a5 12. Qb3 Qc8 13. Rac1 Nbd7 14. Rfe1 Re8 15.
d5 Bc5 16. dxe6 Rxe6 17. Nd4 Re5 18. Bxh5 Nxh5 19. Na4 Nhf6 20. Nf3 Bxe3 21.
Nxe5 Bxc1 22. Nxd7 Nxd7 23. Rxc1 Qc7 24. Rd1 Re8 25. Qd3 h6 26. b3 Nf6 27. Qd4
Qe7 28. c5 Qe2 29. Qd2 Qe6 30. Rb1 Ne4 31. Qc2 Nf6 1/2-1/2

[Event "Sparkassen Open A"]
[Site "Dortmund GER"]
[Date "2012.07.18"]
[Round "5.5"]
[White "Jesse, Ingemars"]
[Black "Schmuecker, Marcus"]
[Result "1-0"]
[WhiteElo "2349"]
[BlackElo "2173"]
[WhiteFideId "11602724"]
[BlackFideId "4658892"]
[EventDate "2012.07.14"]

1. c4 f5 2. Nc3 Nf6 3. g3 e6 4. Bg2 d5 5. cxd5 exd5 6. Nf3 c6 7. O-O Bd6 8. d3
O-O 9. e4 dxe4 10. dxe4 Qc7 11. exf5 Bxf5 12. Bg5 Ne4 13. Rc1 Nxc3 14. Rxc3 Na6
15. Nd4 Be5 16. Rc1 Kh8 17. Nxf5 Rxf5 18. Qg4 Raf8 19. Be4 R5f7 20. Qh5 h6 21.
Qg6 1-0

[Event "Sparkassen Open A"]
[Site "Dortmund GER"]
[Date "2012.07.18"]
[Round "5.6"]
[White "Chilla, Jan Eric"]
[Black "Piepho, Niels"]
[Result "0-1"]
[WhiteElo "2158"]
[BlackElo "2301"]
[WhiteFideId "24650900"]
[BlackFideId "4624262"]
[EventDate "2012.07.14"]

1. Nf3 g6 2. g3 Bg7 3. d4 Nf6 4. Bg2 d6 5. O-O O-O 6. Re1 Nbd7 7. e4 e5 8. Nc3
Re8 9. h3 a5 10. a4 exd4 11. Nxd4 Nc5 12. Bf4 Nfd7 13. Qd2 Ne5 14. b3 Bd7 15.
Rad1 Ned3 16. cxd3 Bxd4 17. Rb1 Bc6 18. Ne2 Bg7 19. f3 d5 20. d4 dxe4 21. dxc5
Qxd2 22. Bxd2 exf3 23. Bh1 fxe2 24. Bxc6 bxc6 25. Kf2 Bd4+ 26. Kf3 Bxc5 27. Rxe2
Rxe2 28. Kxe2 Bb6 29. Rc1 Re8+ 30. Kf3 Rd8 31. Ke2 Rd6 32. Rc4 Re6+ 33. Kf3 c5
34. Re4 Rxe4 35. Kxe4 f6 36. Kd5 Kf7 37. g4 f5 38. gxf5 gxf5 39. Ke5 Kg6 40. Bc1
Kh5 41. Kxf5 Kh4 42. Kf4 Kxh3 43. Kf3 Kh2 44. Bf4+ Kg1 45. Bg3 c6 46. Bf4 h5 47.
Bg3 c4 48. bxc4 Kf1 49. Bh4 Bc7 50. Ke3 Kg2 51. Kd4 Bg3 52. Be7 Bf2+ 53. Ke5 h4
54. Bxh4 Bxh4 55. Kd6 Kf3 56. Kxc6 Ke4 57. c5 Kd4 58. Kb5 Bd8 59. Kc6 Kc4 60.
Kd7 Kxc5 0-1

[Event "Sparkassen Open A"]
[Site "Dortmund GER"]
[Date "2012.07.18"]
[Round "5.7"]
[White "Sievert, Jan-Thorwald"]
[Black "Webb, Laurence E"]
[Result "1/2-1/2"]
[BlackTitle "FM"]
[WhiteElo "2149"]
[BlackElo "2265"]
[WhiteFideId "12940909"]
[BlackFideId "402389"]
[EventDate "2012.07.14"]

1. d4 Nf6 2. c4 e6 3. Nf3 c5 4. d5 exd5 5. cxd5 b5 6. a4 b4 7. e3 Bb7 8. Bc4 d6
9. a5 Be7 10. O-O O-O 11. Re1 Ne4 12. Nbd2 Nxd2 13. Bxd2 Bf6 14. Qc2 Ba6 15. Ra2
Bxc4 16. Qxc4 Nd7 17. b3 Re8 18. e4 Qb8 19. Bf4 a6 20. Ree2 g6 21. Qc2 Qc7 22.
Nd2 Rab8 23. Nc4 Be5 24. Be3 Bc3 25. Bf4 Ne5 26. Bxe5 Bxe5 27. Qd3 Bd4 28. g3
Kg7 29. Kg2 Qd7 30. Rac2 Rbd8 31. Ra2 h5 32. h4 Qb7 33. Qf3 Qd7 34. Qd3 Re7 35.
Nb6 Qb5 36. Nc4 Rde8 37. Qf3 Qd7 38. Qd3 f6 39. Rac2 Rf7 40. Nb6 Qb7 41. Nc4 Rd8
42. Nb6 Be5 43. f4 Bd4 44. Qf3 Qe7 45. Qd3 Qb7 46. Qf3 Rh8 47. Nc4 Qe7 48. Kf1
Qd7 49. Rh2 Re7 50. Rce2 Rhe8 51. Nb6 Qb5 52. Nc4 Qd7 53. Nb6 Qb5 54. Nc4 Qd7 1/2-1/2

[Event "Sparkassen Open A"]
[Site "Dortmund GER"]
[Date "2012.07.18"]
[Round "5.9"]
[White "Brem, Stephan"]
[Black "Kartsev, Alexandr"]
[Result "1-0"]
[WhiteElo "2121"]
[BlackElo "2208"]
[WhiteFideId "4617266"]
[BlackFideId "24647110"]
[EventDate "2012.07.14"]

1. f4 d5 2. Nf3 g6 3. e3 Bg7 4. Be2 Nf6 5. O-O O-O 6. d3 c5 7. Nc3 Nc6 8. Ne5
Qc7 9. Nxc6 Qxc6 10. Bf3 Rd8 11. Qe2 Qb6 12. e4 c4+ 13. Kh1 d4 14. Nd1 cxd3 15.
cxd3 Be6 16. g4 Rac8 17. b3 Qa6 18. Bb2 Rc7 19. f5 Bd7 20. Nf2 Bc6 21. g5 Nd7
22. Ng4 Ne5 23. Nxe5 Bxe5 24. fxg6 hxg6 25. Bg4 Bb5 26. Rf3 e6 27. a4 Be8 28.
Ba3 Qb6 29. Qd1 Rdc8 30. Rf2 Rc3 31. Rb1 Qc7 32. Qf1 Bxa4 33. Bxe6 fxe6 34. Rf8+
Kg7 35. Qh3 Rxf8 36. Qh6+ Kg8 37. Qxf8+ Kh7 38. Qh6+ Kg8 39. Qxg6+ Bg7 40. Rf1
Bxb3 41. Rf8# 1-0

[Event "Sparkassen Open A"]
[Site "Dortmund GER"]
[Date "2012.07.18"]
[Round "5.10"]
[White "Strathoff, Martin"]
[Black "Braeuer, Karl-Heinz"]
[Result "0-1"]
[WhiteElo "2074"]
[BlackElo "2202"]
[WhiteFideId "24609560"]
[BlackFideId "4677218"]
[EventDate "2012.07.14"]

1. d4 Nf6 2. c4 c6 3. Nc3 d5 4. Nf3 e6 5. Bg5 Nbd7 6. e3 Qa5 7. Nd2 Bb4 8. Qc2
dxc4 9. Bxf6 Nxf6 10. Nxc4 Qg5 11. f4 Qh6 12. a3 Be7 13. O-O-O O-O 14. Ne5 Nd5
15. Re1 f6 16. Nf3 Bd7 17. Bc4 b5 18. Bxd5 exd5 19. b4 a5 20. Qb3 Rfc8 21. Kb2
Kf8 22. Rc1 axb4 23. axb4 Qg6 24. Ne1 Ra7 25. Ra1 Rxa1 26. Kxa1 Qg4 27. Kb1 Be8
28. Kc1 Ra8 29. Qb2 Bg6 30. Rg1 Qe6 31. Kd2 Qd6 32. Na2 Ra4 33. g4 Be4 34. Nd3
Bxd3 35. Kxd3 Qd7 36. Rg2 Qa7 37. Rc2 Qd7 38. f5 g6 39. Rf2 Kg7 40. Kc3 Bd6 41.
Kb3 Qe7 42. Qc3 Bxb4 43. Nxb4 Rxb4+ 44. Qxb4 Qxe3+ 45. Qc3 Qxf2 46. Qxc6 Qxd4
47. Qxb5 Qxg4 48. fxg6 Qf3+ 49. Kc2 hxg6 50. Qd7+ Kh6 51. Qd6 Kg5 52. Qd8 Qg2+
53. Kd3 Qe4+ 54. Kd2 d4 55. Qa5+ Qe5 56. Qd8 Qxh2+ 57. Kd3 Qe5 58. Kd2 Kg4 59.
Kd1 f5 60. Qa8 Qe4 61. Qa6 g5 62. Kd2 Qe3+ 63. Kd1 Kg3 64. Qd6+ Qf4 65. Qd8 g4
66. Ke2 Qf2+ 67. Kd1 d3 68. Qxd3+ Qf3+ 69. Ke1 f4 70. Qc4 Qf2+ 71. Kd1 Kg2 72.
Qd3 Qf3+ 0-1

[Event "Sparkassen Open A"]
[Site "Dortmund GER"]
[Date "2012.07.18"]
[Round "5.12"]
[White "Ciornei, Dragos"]
[Black "Schnelle, Lukas"]
[Result "1/2-1/2"]
[WhiteElo "2182"]
[BlackElo "2054"]
[WhiteFideId "4619200"]
[BlackFideId "24675350"]
[EventDate "2012.07.14"]

1. e4 c6 2. d4 d5 3. Nc3 dxe4 4. Nxe4 Bf5 5. Ng3 Bg6 6. h4 h6 7. Nh3 e6 8. Nf4
Bh7 9. Bc4 Nf6 10. Qe2 Bd6 11. c3 O-O 12. O-O Nd5 13. Qg4 Bxf4 14. Nh5 Bg6 15.
Nxf4 Bf5 16. Qg3 Kh8 17. Nh5 Rg8 18. a4 Nd7 19. Re1 Nf8 20. Nf4 Nxf4 21. Bxf4
Ng6 22. h5 Nxf4 23. Qxf4 Qd7 24. Re5 Rad8 25. Rae1 Rge8 1/2-1/2

[Event "Sparkassen Open A"]
[Site "Dortmund GER"]
[Date "2012.07.18"]
[Round "5.13"]
[White "Mundorf, Johannes"]
[Black "Imcke, Patrick"]
[Result "1/2-1/2"]
[WhiteElo "2174"]
[BlackElo "1874"]
[WhiteFideId "24672491"]
[BlackFideId "4622502"]
[EventDate "2012.07.14"]

1. Nf3 Nf6 2. c4 g6 3. Nc3 Bg7 4. e4 O-O 5. d4 d6 6. h3 Nbd7 7. e5 Ne8 8. exd6
cxd6 9. Be2 b6 10. O-O Bb7 11. Bg5 Nc7 12. Qd2 Re8 13. Rfd1 Rc8 14. b3 Ne6 15.
Be3 Nf6 16. Rac1 Qd7 17. c5 Bxf3 18. gxf3 Nc7 19. cxb6 axb6 20. Bf1 Nfd5 21. Bg2
Qf5 22. a4 Ne6 23. Ne2 g5 24. Rxc8 Rxc8 25. Rc1 Rxc1+ 26. Qxc1 Nef4 27. Ng3 Qe6
28. Kh2 Nxg2 29. Kxg2 h6 30. f4 gxf4 1/2-1/2

[Event "Sparkassen Open A"]
[Site "Dortmund GER"]
[Date "2012.07.18"]
[Round "5.14"]
[White "Schmitz, Philipp"]
[Black "Fistoul, Michail"]
[Result "1-0"]
[WhiteElo "2053"]
[BlackElo "2087"]
[WhiteFideId "1270142"]
[BlackFideId "24662976"]
[EventDate "2012.07.14"]

1. e4 e6 2. d4 b6 3. Nc3 Bb7 4. Bd3 Nf6 5. Nge2 c5 6. O-O cxd4 7. Nxd4 Nc6 8.
Nxc6 dxc6 9. e5 Nd5 10. Qe1 Qd7 11. a3 O-O-O 12. Bg5 Re8 13. Ne4 h6 14. Be3 f5
15. exf6 gxf6 16. c4 f5 17. cxd5 fxe4 18. dxc6 Bxc6 19. Ba6+ Kb8 20. Rc1 Bd6 21.
Qe2 Reg8 22. Rfd1 Bd5 23. Qh5 Qg7 24. Bf1 Qe5 25. Qxe5 Bxe5 26. Bd4 Bxd4 27.
Rxd4 Rc8 28. Rdd1 Bb3 29. Re1 Bd5 30. Ba6 Rxc1 31. Rxc1 Rg8 32. Kf1 h5 33. Rc3
h4 34. g3 h3 35. Ke2 Rf8 36. Ke3 Rg8 37. Kf4 Ba8 38. Ke5 Bd5 39. b4 Rf8 40. g4
Rh8 41. g5 Rg8 42. g6 Bb7 43. Bxb7 Kxb7 44. Rg3 Kc6 45. Kxe6 e3 46. fxe3 1-0

[Event "Sparkassen Open A"]
[Site "Dortmund GER"]
[Date "2012.07.18"]
[Round "5.15"]
[White "Pustelny-Conrad, Dieter"]
[Black "Richters, Marc"]
[Result "0-1"]
[WhiteElo "2070"]
[BlackElo "2045"]
[WhiteFideId "24695858"]
[BlackFideId "24612332"]
[EventDate "2012.07.14"]

1. e4 c5 2. Nf3 d6 3. d4 cxd4 4. Nxd4 Nf6 5. Nc3 Nc6 6. Bg5 Qa5 7. Bxf6 gxf6 8.
Bb5 Bd7 9. Nb3 Qd8 10. Qh5 a6 11. Bd3 Ne5 12. Qe2 Rc8 13. f4 Nxd3+ 14. Qxd3 Qc7
15. O-O-O Qc4 16. Qe3 b5 17. Rd2 e6 18. Rhd1 b4 19. Rd4 Qc7 20. Rxb4 a5 21. Rbd4
a4 22. Nd2 a3 23. Nc4 axb2+ 24. Kb1 d5 25. exd5 Bc5 26. dxe6 fxe6 27. Ne4 Bxd4
28. Rxd4 O-O 29. Qd3 Bc6 30. Ncd6 Rb8 31. Qc4 Qa5 32. Qxe6+ Kh8 33. Nxf6 Qc5 34.
Qe5 Qxc2+ 35. Kxc2 b1=Q+ 36. Kc3 Qc1+ 37. Kd3 Qa3+ 38. Ke2 Qxa2+ 39. Rd2 Qa6+
40. Kf2 Qa7+ 41. Kg3 Rb3+ 42. Kh4 Re3 43. Nfe4+ Qg7 44. Qxg7+ Kxg7 45. Ng3 Kf6
46. Ndf5 Re6 47. Nh6 Be8 48. f5 Ra6 49. Rf2 Ra4+ 50. Ng4+ Kf7 51. Kh3 Ke7 52.
Nh6 Kf6 53. Re2 Bd7 54. Ng4+ Kg5 55. Ne4+ Kxf5 56. Rf2+ Kxe4 57. Rxf8 h5 58. Kh4
Bxg4 59. h3 Bd1 60. g3 Ke3+ 61. Kg5 Bf3 62. Re8+ Kf2 63. g4 hxg4 64. hxg4 Rxg4+
65. Kf5 Kg3 66. Rh8 Rg7 67. Rh6 Bg4+ 68. Ke5 Rg5+ 69. Ke4 Bf5+ 70. Ke3 Rg7 71.
Rf6 Re7+ 72. Kd4 Kf4 73. Rf8 Rd7+ 74. Kc3 Ke5 75. Re8+ Kd5 76. Re1 Rc7+ 77. Kb4
Kd4 78. Rd1+ Bd3 79. Rh1 Rb7+ 80. Ka3 Kc3 81. Rh4 Ra7+ 82. Ra4 Rf7 83. Ka2 Bc4+
84. Ka3 Rf2 0-1

[Event "Sparkassen Open A"]
[Site "Dortmund GER"]
[Date "2012.07.18"]
[Round "5.16"]
[White "Hecht, Carsten"]
[Black "Zimmermann, Dirk"]
[Result "1/2-1/2"]
[WhiteElo "2050"]
[BlackElo "2069"]
[WhiteFideId "24693928"]
[BlackFideId "4677498"]
[EventDate "2012.07.14"]

1. e4 d6 2. d4 Nf6 3. Nc3 g6 4. f4 Bg7 5. Nf3 O-O 6. Bd3 Na6 7. O-O c5 8. d5 Nc7
9. Re1 Rb8 10. a4 b6 11. Bc4 a6 12. e5 Nfe8 13. e6 fxe6 14. dxe6 b5 15. Ba2 c4
16. Ng5 Nf6 17. axb5 axb5 18. Bb1 d5 19. f5 gxf5 20. Ne2 Nxe6 21. Nxe6 Bxe6 22.
Nd4 Bd7 23. Bf4 Rc8 24. Re5 Qb6 25. Rxe7 Rce8 26. Rxe8 Rxe8 27. c3 b4 28. Kf1
bxc3 29. bxc3 Qb2 30. Ra7 Qxc3 31. Nxf5 Bxf5 32. Bxf5 d4 33. Bg5 Rf8 34. Qe2 d3
35. Qe3 Ne8 36. g4 Qe5 37. Qh3 Qe2+ 38. Kg1 Qe1+ 39. Kg2 Qe2+ 40. Kg1 Qe1+ 1/2-1/2

[Event "Sparkassen Open A"]
[Site "Dortmund GER"]
[Date "2012.07.18"]
[Round "5.17"]
[White "Hobusch, Jan"]
[Black "Boehm, Juergen2"]
[Result "1/2-1/2"]
[WhiteElo "2027"]
[BlackElo "2225"]
[WhiteFideId "12907634"]
[BlackFideId "4606434"]
[EventDate "2012.07.14"]

1. d4 d5 2. Bf4 Nf6 3. e3 c5 4. c3 Nc6 5. Nd2 Bg4 6. Ngf3 e6 7. Qb3 Qb6 8. h3
Bh5 9. Be2 Be7 10. O-O Ne4 11. Rfe1 Nxd2 12. Nxd2 Bxe2 13. Rxe2 O-O 14. Nf3 1/2-1/2

[Event "Sparkassen Open A"]
[Site "Dortmund GER"]
[Date "2012.07.18"]
[Round "5.19"]
[White "Hartung, Thomas2"]
[Black "Rueberg, Jobst"]
[Result "0-1"]
[BlackTitle "FM"]
[WhiteElo "2013"]
[BlackElo "2178"]
[WhiteFideId "4639146"]
[BlackFideId "4677501"]
[EventDate "2012.07.14"]

1. e4 c5 2. Nf3 a6 3. d4 cxd4 4. Nxd4 Nf6 5. Nc3 Qc7 6. a3 e6 7. Be3 b5 8. Be2
Bb7 9. Bf3 d6 10. O-O Nbd7 11. Re1 Be7 12. g4 Ne5 13. g5 Nxf3+ 14. Qxf3 Nd7 15.
Qh5 g6 16. Qh3 Nc5 17. Qg4 Bc8 18. Qe2 O-O 19. h4 Bb7 20. Qg4 Bc8 21. Qe2 Na4
22. Nxa4 bxa4 23. h5 e5 24. hxg6 fxg6 25. Rad1 exd4 26. Rxd4 Be6 27. Rxa4 a5 28.
Qd2 Qc6 29. Rd4 a4 30. Bf4 Ra6 31. Rd1 Qc5 32. Be3 Qc6 33. Bf4 Qb5 34. Rb4 Qc6
35. Rd4 Qc5 36. Be3 Qc8 37. Kh2 Bg4 38. Rg1 Be6 39. Rd1 Rc6 40. Rc1 Ra6 41. Rd1
Qe8 42. Rg1 Rb6 43. c3 Qb8 44. Rd5 Rxb2 45. Qd4 Bxd5 46. Qxd5+ Rf7 47. Rg4 Rb5
48. Qe6 Re5 49. Qc4 Qb3 50. Qc8+ Rf8 51. Qc7 Qe6 52. Rg3 Rxe4 0-1

[Event "Sparkassen Open A"]
[Site "Dortmund GER"]
[Date "2012.07.18"]
[Round "5.20"]
[White "Faust, Martin"]
[Black "Rodemann, Edmund"]
[Result "1-0"]
[WhiteElo "2133"]
[BlackElo "2033"]
[WhiteFideId "4623517"]
[BlackFideId "4634462"]
[EventDate "2012.07.14"]

1. d4 f5 2. e4 fxe4 3. Nc3 Nf6 4. Bg5 Nc6 5. d5 Ne5 6. Qd4 Nf7 7. h4 c6 8. O-O-O
Qb6 9. Bxf6 gxf6 10. Qxe4 Qxf2 11. Nf3 Bh6+ 12. Kb1 Qe3 13. Qa4 a5 14. Bd3 Qf4
15. Rhe1 Qxa4 16. Nxa4 b5 17. Nb6 Rb8 18. Nxc8 Rxc8 19. dxc6 dxc6 20. Re6 Nd8
21. Re2 Kf7 22. a4 Rb8 23. axb5 cxb5 24. Nd4 e5 25. Nxb5 Nb7 26. Be4 Rhd8 27.
Rxd8 Nxd8 28. Nc7 Kg8 29. Re1 Rc8 30. Nd5 Kf7 31. Rf1 Bg7 32. Bxh7 Nc6 33. h5
Ne7 34. Nxe7 Kxe7 35. Rd1 Rd8 36. Rxd8 Kxd8 37. Ka2 Kc7 38. Kb3 Kc6 39. Kc4 Bh6
40. Be4+ Kd6 41. Kb5 Bc1 42. Kxa5 Bxb2 43. h6 Bc1 1-0

[Event "Sparkassen Open A"]
[Site "Dortmund GER"]
[Date "2012.07.18"]
[Round "5.21"]
[White "Baumhackel, Mario"]
[Black "Niekrens, Stefan"]
[Result "1/2-1/2"]
[WhiteElo "2126"]
[BlackElo "1996"]
[WhiteFideId "4636953"]
[BlackFideId "24635383"]
[EventDate "2012.07.14"]

1. d4 Nf6 2. Nf3 g6 3. Bg5 Bg7 4. Nbd2 d5 5. c3 O-O 6. e3 c5 7. Be2 Qb6 8. Qb3
c4 9. Qa3 Re8 10. b3 cxb3 11. axb3 Nc6 12. O-O h6 13. Bh4 g5 14. Bg3 Bf5 15.
Rfc1 Nh5 16. c4 Nxg3 17. hxg3 e6 18. Bf1 1/2-1/2

[Event "Sparkassen Open A"]
[Site "Dortmund GER"]
[Date "2012.07.18"]
[Round "5.23"]
[White "Schiefelbusch, Dirk"]
[Black "Cebulla, Konstantin"]
[Result "1-0"]
[WhiteElo "2109"]
[BlackElo "1977"]
[WhiteFideId "4694139"]
[BlackFideId "1272025"]
[EventDate "2012.07.14"]

1. b4 e5 2. Bb2 Bxb4 3. Bxe5 Nf6 4. c4 O-O 5. Nf3 d5 6. cxd5 Nxd5 7. e3 c5 8.
Be2 Nc6 9. Bb2 Bg4 10. O-O Ba5 11. d4 cxd4 12. Nxd4 Bxe2 13. Qxe2 Nxd4 14. Bxd4
Nf4 15. Qb2 Ne6 16. Be5 Qd5 17. Na3 Rfd8 18. Rab1 Rac8 19. Bg3 Rd7 20. h3 a6 21.
Rfc1 Rxc1+ 22. Qxc1 h6 23. Qc8+ Kh7 24. Qc2+ g6 25. Nc4 Bc7 26. Nb6 Bxb6 27.
Rxb6 Qd1+ 28. Qxd1 Rxd1+ 29. Kh2 Rd7 30. Be5 g5 31. f4 Nd8 32. g4 Nc6 33. Bb2
Ne7 34. fxg5 hxg5 35. Kg3 Nd5 36. Rb3 b5 37. Rd3 a5 38. Kf3 Kg6 39. Ke4 Nf6+ 40.
Bxf6 Rxd3 41. Kxd3 Kxf6 42. Kd4 Ke6 43. Kc5 f5 44. gxf5+ Kxf5 45. Kxb5 Ke4 46.
Kxa5 Kxe3 47. Kb5 Kf3 48. a4 Kg3 49. a5 Kxh3 50. a6 g4 51. a7 g3 52. a8=Q g2 53.
Qf3+ Kh2 54. Qf2 Kh1 55. Qh4+ Kg1 56. Kc4 Kf1 57. Qf4+ Ke2 58. Qg3 Kf1 59. Qf3+ 1-0

[Event "Sparkassen Open A"]
[Site "Dortmund GER"]
[Date "2012.07.18"]
[Round "5.24"]
[White "Henkemeier, Michael"]
[Black "Schleich, Theodor"]
[Result "1-0"]
[WhiteElo "1898"]
[BlackElo "2102"]
[WhiteFideId "24611379"]
[BlackFideId "24615218"]
[EventDate "2012.07.14"]

1. d4 e6 2. c4 b6 3. Nc3 Bb7 4. Nf3 f5 5. Bf4 Nf6 6. e3 d6 7. Be2 Be7 8. O-O h6
9. Nd2 g5 10. Bg3 h5 11. h4 g4 12. f3 Nfd7 13. Qe1 Bf6 14. Qf2 Qe7 15. Nb5 Na6
16. e4 O-O 17. exf5 exf5 18. Bd3 Bg7 19. Rae1 Qf7 20. fxg4 fxg4 21. Bh7+ Kxh7
22. Qxf7 Rxf7 23. Rxf7 1-0